| Поле | Инд. | ПП | Название | Значение |
|---|---|---|---|---|
| Тип записи | a | |||
| Библиографический уровень | m | |||
| 001 | Контрольный номер | RU/IS/BASE/182966023 | ||
| 005 | Дата корректировки | 20250610162141.4 | ||
| 008 | Кодируемые данные | 19951130 | ||
| 020 | 00 | a | ISBN | 5-7333-0485-6 |
| 040 | 00 | e | Правила каталог. | Л 951130 |
| 084 | a | Индекс другой классификации/Индекс ББК | 87.3(4Вел)6-702.5я44; 87.3(4Авс)6-8Витгенштейн Л.я44; 87.2в6я44; 87.4я44; 85.310в6я44; 86.210я44; 87.80я44; 87.700я44 | |
| 090 | 00 | a | Полочн. индекс | 87.3(4Вел)6-702.5я44 испр. |
| x | Авторский знак | В 54 | ||
| 097 | 00 | a | 220 | |
| 100 | 10 | a | Автор | Витгенштейн Л. |
| q | Полное имя | Витгенштейн Людвиг | ||
| 245 | 00 | a | Заглавие | Философские работы |
| c | Ответственность | составитель, вступительная статья, примечание М. С. Козловой; перевод с немецкого М. С. Козловой, Ю. А. Асеева; редакционный совет серии: В. В. Анашвили, И. А. Михайлов, О. В. Никифоров, И. М. Чубаров; художник-оформитель А. Л. Бондаренко | ||
| n | Номер части/ раздела | Ч.1 | ||
| 260 | 00 | a | Место издания | Москва |
| b | Издательство | Гнозис | ||
| c | Дата издания | 1994 | ||
| 300 | 00 | a | Объем | 612 с. |
| 336 | a | Термин вида содержания | Текст | |
| 337 | a | Термин типа средства | непосредственный | |
| 440 | _0 | a | Серия | Феноменология. Герменевтика. Философия языка |
| 500 | a | Примечание | Издание осуществлено при финансовой поддержке международного фонда "Культурная инициатива" | |
| 504 | a | Библиография | Примеч. и коммент.: с. 493-520 | |
| 505 | 0_ | a | Форматированное содержание | Logisch-Philosophische Abhandlung. Логико-философский трактат |
| 505 | 0_ | a | Форматированное содержание | Культура и ценность |
| 505 | 0_ | a | Форматированное содержание | О достоверности |
| 505 | 0_ | a | Форматированное содержание | Философские искания Л.Витгенштейна |
| b | Автор | Козлова М. С. | ||
| 505 | 0_ | a | Форматированное содержание | Философские исследования |
| 600 | 14 | a | Персоналии | Витгенштейн Людвиг |
| a | Персоналии | Рассел Бертран | ||
| a | Персоналии | Фреге Готлоб | ||
| 650 | 04 | a | Основная рубрика | история философии |
| a | Основная рубрика | философия | ||
| 653 | 00 | a | Ключевые слова | XX век |
| a | Ключевые слова | Австрия | ||
| a | Ключевые слова | аналитическая философия | ||
| a | Ключевые слова | Бог | ||
| a | Ключевые слова | бытие Бога | ||
| a | Ключевые слова | Великобритания | ||
| a | Ключевые слова | выражения | ||
| a | Ключевые слова | гносеология | ||
| a | Ключевые слова | доказательство | ||
| a | Ключевые слова | долг | ||
| a | Ключевые слова | достоверность | ||
| a | Ключевые слова | дух | ||
| a | Ключевые слова | жизнь | ||
| a | Ключевые слова | знаки | ||
| a | Ключевые слова | знания | ||
| a | Ключевые слова | значение | ||
| a | Ключевые слова | игра | ||
| a | Ключевые слова | имя | ||
| a | Ключевые слова | искусство | ||
| a | Ключевые слова | истина | ||
| a | Ключевые слова | культура | ||
| a | Ключевые слова | логика | ||
| a | Ключевые слова | логические законы | ||
| a | Ключевые слова | математика | ||
| a | Ключевые слова | методология науки | ||
| a | Ключевые слова | мировоззрение | ||
| a | Ключевые слова | миропонимание | ||
| a | Ключевые слова | музыка | ||
| a | Ключевые слова | мыслители | ||
| a | Ключевые слова | мышление | ||
| a | Ключевые слова | неопозитивизм | ||
| a | Ключевые слова | новейшее время | ||
| a | Ключевые слова | объективность | ||
| a | Ключевые слова | объекты | ||
| a | Ключевые слова | ощущения | ||
| a | Ключевые слова | переживания | ||
| a | Ключевые слова | познание | ||
| a | Ключевые слова | понятия | ||
| a | Ключевые слова | предложения | ||
| a | Ключевые слова | пространство | ||
| a | Ключевые слова | разум | ||
| a | Ключевые слова | рационализм | ||
| a | Ключевые слова | слово | ||
| a | Ключевые слова | субстанции | ||
| a | Ключевые слова | субъект | ||
| a | Ключевые слова | судьба | ||
| a | Ключевые слова | суеверия | ||
| a | Ключевые слова | суждение | ||
| a | Ключевые слова | счастье | ||
| a | Ключевые слова | философия психологии | ||
| a | Ключевые слова | философия религии | ||
| a | Ключевые слова | философские исследования | ||
| a | Ключевые слова | философские учения | ||
| a | Ключевые слова | философы | ||
| a | Ключевые слова | художественное творчество | ||
| a | Ключевые слова | ценности | ||
| a | Ключевые слова | человек | ||
| a | Ключевые слова | чувства | ||
| a | Ключевые слова | язык | ||
| 700 | 10 | a | Автор | Козлова М. С. |
| e | Роль лиц | переводчик; составитель; автор вступительной статьи; автор примечаний | ||
| 700 | 12 | a | Автор | Асеев Ю. А. |
| e | Роль лиц | переводчик | ||
| 700 | 12 | a | Автор | Анашвили В. В. |
| e | Роль лиц | редактор | ||
| 700 | 12 | a | Автор | Михайлов И. А. |
| e | Роль лиц | редактор | ||
| 700 | 12 | a | Автор | Никифоров О. В. |
| e | Роль лиц | редактор | ||
| 700 | 12 | a | Автор | Чубаров И. М. |
| e | Роль лиц | редактор | ||
| 700 | 12 | a | Автор | Бондаренко А. Л. |
| e | Роль лиц | художник-оформитель | ||
| 901 | t | Тип документа | m | |
| 952 | a | Тип литературы для КСУ ВШ | НАУ |